000 00590nam a2200229Ia 4500
003 OSt
005 20230623120627.0
008 210423s2015 xx 000 0 und d
020 _a978-81-265-5582-6
040 _cAL
041 _aeng
082 _a547.02 SINP
100 _aSINGH (K)
_9110096
245 _aProblems in organic chemistry
260 _aNew Delhi
_bWiley India Pvt Ltd
_c2015
300 _axiii,502
_bPB
365 _b599
_cINR
650 _aChemistry
_9110097
650 _aOrganic Chemistry
_9110098
906 _achemistry ; organic ; Problems
942 _2ddc
_cBK
999 _c167838
_d167838